Những điều nên và không nên trong chăm sóc, giáo dục trẻ

Trong những hoạt động giao tiếp hàng ngày khi chăm sóc trẻ, bé có thể bị làm tổn thương bằng những câu nói, hành động … khi nóng giận hoặc lúc không kiềm chế được mình. Cuốn sách sẽ tư vấn những tình huống nên và không nên làm khi chăm...

Disgrifiad llawn

Wedi'i Gadw mewn:
Manylion Llyfryddiaeth
Fformat: Llyfr
Iaith:Undetermined
Cyhoeddwyd: Hà Nội Lao Động 2008
Pynciau:
Tagiau: Ychwanegu Tag
Dim Tagiau, Byddwch y cyntaf i dagio'r cofnod hwn!
Thư viện lưu trữ: Trung tâm Học liệu Trường Đại học Cần Thơ
LEADER 01012nam a2200181Ia 4500
001 CTU_142426
008 210402s9999 xx 000 0 und d
020 |c 29000 
082 |a 649.1 
082 |b Nh556 
245 0 |a Những điều nên và không nên trong chăm sóc, giáo dục trẻ 
245 0 |c Phương Nga biên soạn 
260 |a Hà Nội 
260 |b Lao Động 
260 |c 2008 
520 |a Trong những hoạt động giao tiếp hàng ngày khi chăm sóc trẻ, bé có thể bị làm tổn thương bằng những câu nói, hành động … khi nóng giận hoặc lúc không kiềm chế được mình. Cuốn sách sẽ tư vấn những tình huống nên và không nên làm khi chăm sóc và giáo dục trẻ. 
650 |a Child rearing,Parenting,Parent and child,Nuôi nấng con cái,Cha mẹ và con,Nuôi dạy trẻ 
980 |a Trung tâm Học liệu Trường Đại học Cần Thơ